Cases in Management (Record no. 2306)

MARC details
000 -LEADER
fixed length control field 00387nam a22001697a 4500
005 - DATE AND TIME OF LATEST TRANSACTION
control field 20180621102330.0
008 - FIXED-LENGTH DATA ELEMENTS--GENERAL INFORMATION
fixed length control field 160601b xxu||||| |||| 00| 0 eng d
020 ## - INTERNATIONAL STANDARD BOOK NUMBER
ISBN 981243146-2
041 ## - LANGUAGE CODE
Language code of text/sound track or separate title eng
082 ## - DEWEY DECIMAL CLASSIFICATION NUMBER
Item number 6551
Classification number 658
100 ## - MAIN ENTRY--AUTHOR NAME
Personal name Jakhotiya G. P. & others
245 ## - TITLE STATEMENT
Title Cases in Management
260 ## - PUBLICATION, DISTRIBUTION, ETC. (IMPRINT)
Name of publisher Thomson
300 ## - PHYSICAL DESCRIPTION
Number of Pages 332
650 ## - SUBJECT ADDED ENTRY--TOPICAL TERM
Topical Term Management
942 ## - ADDED ENTRY ELEMENTS (KOHA)
Koha item type Books
Holdings
Lost status Damaged status Collection code Home library Current library Shelving location Date acquired Cost, normal purchase price Full call number Accession Number Koha item type
    MANAGEMENT JRU Library JRU Library SHELF-64-H 01/06/2016 475.00 658 6551 Books
    MANAGEMENT JRU Library JRU Library SHELF-64-H 01/06/2016 475.00 658 6552 Books
    Reference JRU Library   SHELF-28-F 01/06/2016 475.00 658 6553 Books
    MANAGEMENT JRU Library JRU Library SHELF-64-H 01/06/2016 475.00 658 6554 Books
    MANAGEMENT JRU Library JRU Library SHELF-64-H 01/06/2016 475.00 658 6555 Books
    MANAGEMENT JRU Library JRU Library SHELF-16-G 01/06/2016 475.00 658 6556 Books
    MANAGEMENT JRU Library JRU Library SHELF-64-H 01/06/2016 475.00 658 6557 Books